000 005310000a22001810004500
020 _a958-644-054-0
041 0 _aSPA
082 0 4 _aG 303.686 G516r
100 1 _aGiraldo, Carlos Alberto
245 1 0 _aRelatos e imágenes : El desplazamiento en Colombia / Carlos Alberto Giraldo, Jesús Abad Colorado, Diego Pérez
260 _aBogotá, Colombia : CINEP
300 _a236 Pag
001 9353
942 _cBK
999 _c39392
_d39392
336 _atexto
_btxt
_2rdacontent
337 _2rdamedia
_asin mediación
_bn
338 _2rdacarrier
_avolumen
_bnc